<?xml version="1.0" encoding="UTF-8"?>
<record
    xmlns:xsi="http://www.w3.org/2001/XMLSchema-instance"
    xsi:schemaLocation="http://www.loc.gov/MARC21/slim http://www.loc.gov/standards/marcxml/schema/MARC21slim.xsd"
    xmlns="http://www.loc.gov/MARC21/slim">

  <leader>01489nam a2200205 a 4500</leader>
  <controlfield tag="008">180221s2005    ag ||||fr|||| 00| e spa d</controlfield>
  <datafield tag="020" ind1=" " ind2=" ">
    <subfield code="a">9875660353</subfield>
  </datafield>
  <datafield tag="041" ind1=" " ind2=" ">
    <subfield code="a">spa</subfield>
  </datafield>
  <datafield tag="092" ind1=" " ind2=" ">
    <subfield code="c">864</subfield>
    <subfield code="l">6</subfield>
    <subfield code="s">BAR</subfield>
  </datafield>
  <datafield tag="100" ind1="1" ind2=" ">
    <subfield code="a">Barylko, Jaime</subfield>
    <subfield code="9">3170</subfield>
  </datafield>
  <datafield tag="245" ind1=" " ind2=" ">
    <subfield code="a">Variaciones del amor /</subfield>
    <subfield code="c">Jaime Barylko</subfield>
  </datafield>
  <datafield tag="250" ind1=" " ind2=" ">
    <subfield code="a">1a ed.</subfield>
    <subfield code="b">Lic. Jaia Barylko y Lic. Patricia Iacovone.</subfield>
  </datafield>
  <datafield tag="260" ind1=" " ind2=" ">
    <subfield code="a">Buenos Aires:</subfield>
    <subfield code="b">Debolsillo;</subfield>
    <subfield code="c">2005.</subfield>
  </datafield>
  <datafield tag="300" ind1=" " ind2=" ">
    <subfield code="a">192 p.</subfield>
    <subfield code="c">19x13cm</subfield>
  </datafield>
  <datafield tag="500" ind1=" " ind2=" ">
    <subfield code="a">Barylko, J. (2005). Variaciones del amor. (1a ed.). Buenos Aires : DeBolsillo.</subfield>
  </datafield>
  <datafield tag="505" ind1=" " ind2=" ">
    <subfield code="a">"Es tan natural querer amar. Es tan complicado poder hacerlo" As&#xED; expresa Jaime Barylko uno de los grandes temas que hacen a la humanidad. Y nos propone el desaf&#xED;o de detener la marcha de la cotidianidad para poner en funcionamiento el motor del pensamiento. Barylko nos enfrenta con una cuesti&#xF3;n esencial para el hombre y para la mujer de estos tiempos: el trabajo del amor, el compromiso en tanto promesa que crece entre dos. El autor nos invita a poner en duda lo dado por hecho, lo establecido, y analiza el azar del encuentro entre dos personas: "Voy hacia ti porque necesito ser percibido, ser definido. Debo hacer algo porque debo ser alguien". Con su mirada aguda, apoy&#xE1;ndose en pensadores y obras clave de todos los tiempos, el fil&#xF3;sofo y educador Jaime Barylko nos invita a recrear la multiplicidad y riqueza del amor.  </subfield>
  </datafield>
  <datafield tag="590" ind1=" " ind2=" ">
    <subfield code="a">Donaci&#xF3;n de Dra M&#xF3;nica Reyna, febrero 2018.</subfield>
  </datafield>
  <datafield tag="655" ind1=" " ind2=" ">
    <subfield code="a">Literatura</subfield>
    <subfield code="9">2917</subfield>
  </datafield>
  <datafield tag="942" ind1=" " ind2=" ">
    <subfield code="2">ddc</subfield>
    <subfield code="c">LIT</subfield>
  </datafield>
  <datafield tag="999" ind1=" " ind2=" ">
    <subfield code="c">2672</subfield>
    <subfield code="d">2672</subfield>
  </datafield>
  <datafield tag="952" ind1=" " ind2=" ">
    <subfield code="0">0</subfield>
    <subfield code="1">0</subfield>
    <subfield code="2">ddc</subfield>
    <subfield code="4">0</subfield>
    <subfield code="7">0</subfield>
    <subfield code="a">BFM</subfield>
    <subfield code="b">BFM</subfield>
    <subfield code="c">CR</subfield>
    <subfield code="d">2018-02-21</subfield>
    <subfield code="e">Donaci&#xF3;n de Dra. M&#xF3;nica Reyna.</subfield>
    <subfield code="l">1</subfield>
    <subfield code="o">864 6 BAR</subfield>
    <subfield code="p">4176</subfield>
    <subfield code="r">2018-10-23</subfield>
    <subfield code="s">2018-10-11</subfield>
    <subfield code="t">Ej.1</subfield>
    <subfield code="w">2018-02-21</subfield>
    <subfield code="y">LIT</subfield>
    <subfield code="z">Donaci&#xF3;n de Dra. M&#xF3;nica Reyna, febrero 2018.</subfield>
  </datafield>
</record>
